| 000 | 01040nam a22002895i 4500 | ||
|---|---|---|---|
| 999 |
_c12765 _d12765 |
||
| 003 | EG-ScBUE | ||
| 005 | 20200113130901.0 | ||
| 008 | 090811s2003 ua f 000 p ara d | ||
| 020 | _a9773054489 | ||
| 040 |
_aEG-ScBUE _bara _erda _cEG-ScBUE _dEG-ScBUE |
||
| 082 | 0 | 4 |
_a892.716 _bهـ ا د _222 |
| 100 | 1 |
_aعبد الهادي، علاء، _eمؤلف. _98757 |
|
| 245 | 1 | 0 |
_aالنشيدة : _bالراوية وغوايته الأولى / _cعلاء عبد الهادي. |
| 246 | 3 | 4 |
_aنشيدة : _bشعر |
| 250 | _aالطبعة الأولى. | ||
| 264 | 1 |
_aالقاهرة : _bالهيئة العامة لقصور الثقافة، _c2003. |
|
| 300 |
_a168 صفحة ؛ _c18 سم. |
||
| 336 |
_2rdacontent _aنص _btxt |
||
| 337 |
_2rdamedia _aبدون وسيط _bn |
||
| 338 |
_2rdacarrier _aمجلد _bnc |
||
| 490 | 0 |
_aأصوات أدبية ؛ _v334 |
|
| 590 | _aريهام | ||
| 650 | 7 |
_aالشعر العربي _xدواوين وقصائد. _2BUEsh _97996 |
|
| 653 |
_bGGEN _cJanuary2020 |
||
| 655 | _vReading book | ||
| 942 |
_2ddc _cBB |
||